00000000nam##2200000za#4500
0019.569027
003CaOODSP
00520210624181551
007cr |||||||||||
008150406|2000||||xxc|||||o    f|0| 0 eng|d
040 |aCaOODSP|beng
043 |an-cn---
0861 |aBT31-4/21-2000E-PDF
1101 |aCanada. |bTreasury Board.
24510|aCanadian Centre for Management Development, performance report for the period ending March 31, 2000 |h[electronic resource]
2463 |aCanadian Centre for Management Development, departmental performance report for the period ending March 31, 2000
260 |aOttawa - Ontario : |bTreasury Board of Canada Secretariat |cc2000.
300 |a32p.|bfigs., tables
4901 |aPerformance report for the period ending March 31, 2000 |vFor the period ending March 31, 2000
500 |aThe catalogue number (BT31-4/21-2000) and ISBN (0-660-61416-2) for the bilingual print edition have been incorrectly copied in this electronic publication.
590 |a11-04-Supp|b2011-02-17
77508|tCentre canadien de gestion, rapport sur le rendement pour la période se terminant le 31 mars 2000 |w(CaOODSP)9.600268
7760#|tCanadian Centre for Management Development |w(CaOODSP)9.534226
7760#|tCentre canadien de gestion |w(CaOODSP)9.534227
830#0|aPerformance report for the period ending March 31, 2000 ;|vFor the period ending March 31, 2000|w(CaOODSP)9.506305
85640|ahttp://publications.gc.ca|qPDF|s377 KB|uhttps://publications.gc.ca/collections/Collection/BT31-4-21-2000E.pdf|yFor the period ending March 31, 2000